<?xml version="1.0" encoding="UTF-8"?>
<record
    xmlns:xsi="http://www.w3.org/2001/XMLSchema-instance"
    xsi:schemaLocation="http://www.loc.gov/MARC21/slim http://www.loc.gov/standards/marcxml/schema/MARC21slim.xsd"
    xmlns="http://www.loc.gov/MARC21/slim">

  <leader>01108    a2200241   4500</leader>
  <datafield tag="999" ind1=" " ind2=" ">
    <subfield code="c">96826</subfield>
    <subfield code="d">96826</subfield>
  </datafield>
  <controlfield tag="003">NALT</controlfield>
  <controlfield tag="005">20230515130839.0</controlfield>
  <controlfield tag="008">200527b        th ||||| |||| 00| 0 tha d</controlfield>
  <datafield tag="020" ind1=" " ind2=" ">
    <subfield code="a">9786162697746</subfield>
  </datafield>
  <datafield tag="040" ind1=" " ind2=" ">
    <subfield code="a">NALT</subfield>
  </datafield>
  <datafield tag="090" ind1=" " ind2=" ">
    <subfield code="a">KC 1</subfield>
    <subfield code="b">&#xE2A;861&#xE2E; 2562</subfield>
  </datafield>
  <datafield tag="100" ind1="0" ind2=" ">
    <subfield code="a">&#xE2A;&#xE38;&#xE23;&#xE34;&#xE19;&#xE17;&#xE23;&#xE4C; &#xE2A;&#xE24;&#xE29;&#xE0E;&#xE4C;&#xE1E;&#xE07;&#xE28;&#xE4C;</subfield>
    <subfield code="9">45023</subfield>
  </datafield>
  <datafield tag="245" ind1="1" ind2="0">
    <subfield code="a">&#xE2E;&#xE31;&#xE19;&#xE2A;&#xE4C; &#xE40;&#xE04;&#xE25;&#xE40;&#xE0B;&#xE48;&#xE19; &#xE41;&#xE25;&#xE30;&#xE17;&#xE24;&#xE29;&#xE0E;&#xE35;&#xE1A;&#xE23;&#xE34;&#xE2A;&#xE38;&#xE17;&#xE18;&#xE34;&#xE4C;&#xE41;&#xE2B;&#xE48;&#xE07;&#xE01;&#xE0E;&#xE2B;&#xE21;&#xE32;&#xE22; /</subfield>
    <subfield code="c">&#xE2A;&#xE38;&#xE23;&#xE34;&#xE19;&#xE17;&#xE23;&#xE4C; &#xE2A;&#xE24;&#xE29;&#xE0E;&#xE4C;&#xE1E;&#xE07;&#xE28;&#xE4C;.</subfield>
  </datafield>
  <datafield tag="246" ind1="1" ind2="4">
    <subfield code="a">&#xE17;&#xE24;&#xE29;&#xE0E;&#xE35;&#xE1A;&#xE23;&#xE34;&#xE2A;&#xE38;&#xE17;&#xE18;&#xE34;&#xE4C;&#xE41;&#xE2B;&#xE48;&#xE07;&#xE01;&#xE0E;&#xE2B;&#xE21;&#xE32;&#xE22;&#xE02;&#xE2D;&#xE07; &#xE2E;&#xE31;&#xE19;&#xE2A;&#xE4C; &#xE40;&#xE04;&#xE25;&#xE40;&#xE0B;&#xE48;&#xE19;.</subfield>
  </datafield>
  <datafield tag="246" ind1="1" ind2="4">
    <subfield code="a">Pure theory of law.</subfield>
  </datafield>
  <datafield tag="260" ind1=" " ind2=" ">
    <subfield code="a">&#xE01;&#xE23;&#xE38;&#xE07;&#xE40;&#xE17;&#xE1E;&#xE2F; :</subfield>
    <subfield code="b">&#xE27;&#xE34;&#xE0D;&#xE0D;&#xE39;&#xE0A;&#xE19;,</subfield>
    <subfield code="c">2562.</subfield>
  </datafield>
  <datafield tag="300" ind1=" " ind2=" ">
    <subfield code="a">96 &#xE2B;&#xE19;&#xE49;&#xE32; :</subfield>
    <subfield code="b">&#xE20;&#xE32;&#xE1E;&#xE1B;&#xE23;&#xE30;&#xE01;&#xE2D;&#xE1A; ;</subfield>
    <subfield code="c">21 &#xE0B;&#xE21;.</subfield>
  </datafield>
  <datafield tag="600" ind1="1" ind2="4">
    <subfield code="9">45025</subfield>
    <subfield code="a">&#xE40;&#xE04;&#xE25;&#xE40;&#xE0B;&#xE48;&#xE19;, &#xE2E;&#xE31;&#xE19;&#xE2A;&#xE4C;.</subfield>
    <subfield code="d">&#xE04;.&#xE28;. 1881-1973</subfield>
  </datafield>
  <datafield tag="650" ind1=" " ind2="4">
    <subfield code="9">9350</subfield>
    <subfield code="a">&#xE01;&#xE0E;&#xE2B;&#xE21;&#xE32;&#xE22;</subfield>
    <subfield code="x">&#xE1B;&#xE23;&#xE31;&#xE0A;&#xE0D;&#xE32;</subfield>
  </datafield>
  <datafield tag="850" ind1=" " ind2=" ">
    <subfield code="a">NALT</subfield>
  </datafield>
  <datafield tag="942" ind1=" " ind2=" ">
    <subfield code="2">local</subfield>
    <subfield code="c">LB</subfield>
  </datafield>
  <datafield tag="998" ind1=" " ind2=" ">
    <subfield code="c">103</subfield>
    <subfield code="j">2118</subfield>
    <subfield code="k"> &#xE19;&#xE32;&#xE07;&#xE2A;&#xE32;&#xE27;&#xE27;&#xE34;&#xE20;&#xE32;&#xE27;&#xE23;&#xE23;&#xE13;  &#xE40;&#xE2A;&#xE47;&#xE07;&#xE08;&#xE35;&#xE19;</subfield>
  </datafield>
  <datafield tag="952" ind1=" " ind2=" ">
    <subfield code="0">0</subfield>
    <subfield code="1">0</subfield>
    <subfield code="2">local</subfield>
    <subfield code="4">0</subfield>
    <subfield code="7">0</subfield>
    <subfield code="8">CLAW</subfield>
    <subfield code="a">NALT</subfield>
    <subfield code="b">NALT</subfield>
    <subfield code="c">LAW</subfield>
    <subfield code="d">2020-05-21</subfield>
    <subfield code="e">23</subfield>
    <subfield code="l">3</subfield>
    <subfield code="m">1</subfield>
    <subfield code="o">KC 1 &#xE2A;861&#xE2E; 2562</subfield>
    <subfield code="p">3961210421</subfield>
    <subfield code="r">2023-05-23 00:00:00</subfield>
    <subfield code="s">2023-05-15</subfield>
    <subfield code="t">&#xE09;.2</subfield>
    <subfield code="w">2020-05-21</subfield>
    <subfield code="y">LB</subfield>
  </datafield>
  <datafield tag="952" ind1=" " ind2=" ">
    <subfield code="0">0</subfield>
    <subfield code="1">0</subfield>
    <subfield code="2">local</subfield>
    <subfield code="4">0</subfield>
    <subfield code="7">0</subfield>
    <subfield code="8">CLAW</subfield>
    <subfield code="a">NALT</subfield>
    <subfield code="b">NALT</subfield>
    <subfield code="c">LAW</subfield>
    <subfield code="d">2020-05-21</subfield>
    <subfield code="e">23</subfield>
    <subfield code="l">2</subfield>
    <subfield code="m">2</subfield>
    <subfield code="o">KC 1 &#xE2A;861&#xE2E; 2562</subfield>
    <subfield code="p">3961210420</subfield>
    <subfield code="r">2023-08-15 00:00:00</subfield>
    <subfield code="s">2022-05-27</subfield>
    <subfield code="t">&#xE09;.1</subfield>
    <subfield code="w">2020-05-21</subfield>
    <subfield code="y">LB</subfield>
  </datafield>
</record>
